Normal view
MARC view
- Politicians
Entry Topical Term
001 - CONTROL NUMBER
- control field: 3556
003 - CONTROL NUMBER IDENTIFIER
- control field: NUST
005 - DATE AND TIME OF LATEST TRANSACTION
- control field: 20170724124843.0
008 - FIXED-LENGTH DATA ELEMENTS
- fixed length control field: 170724|| aca||aabn | a|a d
040 ## - CATALOGING SOURCE
- Original cataloging agency: NUST
- Transcribing agency: NUST
150 ## - HEADING--TOPICAL TERM
- Topical term or geographic name entry element: Politicians
- Geographic subdivision: Pakistan
- Form subdivision: Biography.
670 ## - SOURCE DATA FOUND
- Source citation: Work cat.: (NUST)0: 880-01 K̲h̲ān, Kals̲ūm Saifullāh, 1924- 3554, Merī tanhā parvāz =, 2011.
